00245nam a2200097Ia 4500008004100000082001900041100001400060245003300074260003100107300000900138210430s9999 xx 000 0 und d a355.021W2531 W aEG Archer aWarheads HandbookcEG Archer aIslamabadbEG Archerc1991 a156p